| 000 | 00453nam a22001457a 4500 | ||
|---|---|---|---|
| 008 | 230609b |||||||| |||| 00| 0 eng d | ||
| 040 |
_aNational Science Library _cNational Science Library |
||
| 080 |
_aR 92:820 _bL1 |
||
| 245 |
_aAuthor's and writer;s who's who _c/ Bueke's Peerage Limited |
||
| 260 |
_aLondon; _bBueke's Peerage Limited, _c1971 |
||
| 300 | _axxi, 887p. | ||
| 650 | _aBiographical studies | ||
| 653 | _aAuthors | ||
| 942 |
_2udc _cREF |
||
| 999 |
_c41520 _d41520 |
||